Statistics for Kalos Pokédex Quiz

Click here to take the quiz!

General Stats

  • This quiz has been taken 632 times
  • The average score is 328 of 457

Answer Stats

#Pokémon% Correct
Central001Chespin
95%
Central009Greninja
94%
Central007Froakie
93%
Central008Frogadier
92%
Central003Chesnaught
91%
Central006Delphox
91%
Central004Fennekin
91%
Central005Braixen
90%
Central002Quilladin
90%
Central010Bunnelby
89%
Central016Talonflame
89%
Central011Diggersby
88%
Central015Fletchinder
88%
Central014Fletchling
88%
Central036Pikachu
87%
Central021Spewpa
87%
Central037Raichu
86%
Central022Vivillon
86%
Central063Lucario
85%
Central035Pichu
85%
Central062Riolu
85%
Central020Scatterbug
85%
Central023Caterpie
84%
Central085Charizard
84%
Central084Charmeleon
84%
Central024Metapod
84%
Central080Bulbasaur
83%
Central025Butterfree
83%
Central083Charmander
83%
Coastal077Eevee
83%
Central068Flabébé
83%
Central070Florges
83%
Central057Litleo
83%
Central019Pidgeot
83%
Central018Pidgeotto
83%
Central017Pidgey
83%
Central028Beedrill
82%
Central069Floette
82%
Central027Kakuna
82%
Central091Pancham
82%
Central092Pangoro
82%
Central058Pyroar
82%
Coastal085Sylveon
82%
Central082Venusaur
82%
Central026Weedle
82%
Mountain149Yveltal
82%
Mountain150Zygarde
82%
Central088Blastoise
81%
Coastal080Flareon
81%
Coastal084Glaceon
81%
Mountain021Goodra
81%
Mountain019Goomy
81%
Central050Gyarados
81%
Central081Ivysaur
81%
Coastal079Jolteon
81%
Coastal083Leafeon
81%
Central049Magikarp
81%
Central086Squirtle
81%
Coastal078Vaporeon
81%
Central012Zigzagoon
81%
Coastal081Espeon
80%
Central090Gogoat
80%
Central013Linoone
80%
Central089Skiddo
80%
Central129Spritzee
80%
Coastal082Umbreon
80%
Central087Wartortle
80%
Mountain148Xerneas
80%
Central130Aromatisse
79%
Central147Crobat
79%
Central093Furfrou
79%
Central066Gardevoir
79%
Central146Golbat
79%
Mountain113Noibat
79%
Mountain114Noivern
79%
Coastal053Onix
79%
Central064Ralts
79%
Mountain020Sliggoo
79%
Central131Swirlix
79%
Coastal065Tyrantrum
79%
Coastal064Tyrunt
79%
Central145Zubat
79%
Central119Aegislash
78%
Coastal124Carbink
78%
Coastal110Dedenne
78%
Central118Doublade
78%
Central114Espurr
78%
Central067Gallade
78%
Mountain008Garchomp
78%
Mountain009Geodude
78%
Mountain010Graveler
78%
Central117Honedge
78%
Central065Kirlia
78%
Central115Meowstic
78%
Coastal066Amaura
77%
Coastal067Aurorus
77%
Central043Azumarill
77%
Mountain007Gabite
77%
Mountain006Gible
77%
Mountain011Golem
77%
Coastal089Hawlucha
77%
Coastal046Helioptile
77%
Coastal059Machamp
77%
Coastal058Machoke
77%
Central042Marill
77%
Central033Panpour
77%
Central029Pansage
77%
Central031Pansear
77%
Central034Simipour
77%
Central030Simisage
77%
Central032Simisear
77%
Central132Slurpuff
77%
Coastal054Steelix
77%
Central041Azurill
76%
Central151Diancie
76%
Mountain030Gastly
76%
Mountain032Gengar
76%
Mountain031Haunter
76%
Central152Hoopa
76%
Coastal057Machop
76%
Mountain069Magnemite
76%
Mountain070Magneton
76%
Mountain151Mewtwo
76%
Mountain061Phantump
76%
Central153Volcanion
76%
Central102Abra
75%
Coastal009Absol
75%
Central104Alakazam
75%
Mountain080Avalugg
75%
Coastal014Bagon
75%
Central071Budew
75%
Coastal032Clauncher
75%
Coastal033Clawitzer
75%
Mountain146Dragonair
75%
Mountain147Dragonite
75%
Mountain064Gourgeist
75%
Coastal047Heliolisk
75%
Coastal076Houndoom
75%
Coastal075Houndour
75%
Central103Kadabra
75%
Mountain050Klefki
75%
Mountain071Magnezone
75%
Central096Plusle
75%
Mountain063Pumpkaboo
75%
Central072Roselia
75%
Central073Roserade
75%
Coastal030Skrelp
75%
Central047Surskit
75%
Mountain062Trevenant
75%
Central148Axew
74%
Mountain079Bergmite
74%
Central051Corphish
74%
Coastal031Dragalge
74%
Mountain145Dratini
74%
Central149Fraxure
74%
Central106Gloom
74%
Central053Goldeen
74%
Central150Haxorus
74%
Coastal010Inkay
74%
Mountain084Jynx
74%
Coastal011Malamar
74%
Central097Minun
74%
Central105Oddish
74%
Coastal051Rhydon
74%
Coastal050Rhyhorn
74%
Central054Seaking
74%
Central139Snorlax
74%
Central107Vileplume
74%
Coastal152Zapdos
74%
Mountain089Abomasnow
73%
Coastal151Articuno
73%
Central039Bibarel
73%
Central038Bidoof
73%
Coastal021Binacle
73%
Central052Crawdaunt
73%
Mountain001Diglett
73%
Mountain002Dugtrio
73%
Mountain005Flygon
73%
Central060Golduck
73%
Mountain120Jigglypuff
73%
Coastal150Lapras
73%
Central048Masquerain
73%
Coastal153Moltres
73%
Coastal114Mr. Mime
73%
Central138Munchlax
73%
Central059Psyduck
73%
Coastal052Rhyperior
73%
Coastal016Salamence
73%
Coastal015Shelgon
73%
Mountain088Snover
73%
Mountain121Wigglytuff
73%
Coastal022Barbaracle
72%
Central125Croagunk
72%
Coastal086Emolga
72%
Mountain119Igglybuff
72%
Coastal113Mime Jr.
72%
Coastal123Sableye
72%
Mountain137Scizor
72%
Mountain136Scyther
72%
Mountain083Smoochum
72%
Central126Toxicroak
72%
Mountain003Trapinch
72%
Mountain104Tyranitar
72%
Mountain004Vibrava
72%
Mountain038Arbok
71%
Central123Audino
71%
Central044Burmy
71%
Mountain037Ekans
71%
Coastal073Electrike
71%
Mountain073Electrode
71%
Central061Farfetch'd
71%
Mountain110Fearow
71%
Mountain102Larvitar
71%
Central075Ledian
71%
Central074Ledyba
71%
Mountain078Mamoswine
71%
Coastal074Manectric
71%
Coastal063Mawile
71%
Mountain103Pupitar
71%
Coastal006Seviper
71%
Coastal134Slowbro
71%
Coastal133Slowpoke
71%
Mountain109Spearow
71%
Coastal101Staraptor
71%
Coastal100Staravia
71%
Coastal035Starmie
71%
Mountain076Swinub
71%
Mountain028Victreebel
71%
Mountain072Voltorb
71%
Coastal087Yanma
71%
Coastal088Yanmega
71%
Central108Bellossom
70%
Central055Carvanha
70%
Mountain142Deino
70%
Central095Dodrio
70%
Central094Doduo
70%
Coastal039Horsea
70%
Mountain144Hydreigon
70%
Coastal041Kingdra
70%
Coastal003Mienfoo
70%
Central046Mothim
70%
Mountain077Piloswine
70%
Central122Scolipede
70%
Coastal040Seadra
70%
Central056Sharpedo
70%
Coastal135Slowking
70%
Coastal099Starly
70%
Coastal034Staryu
70%
Central045Wormadam
70%
Coastal005Zangoose
70%
Mountain143Zweilous
70%
Coastal068Aerodactyl
69%
Coastal129Ampharos
69%
Mountain026Bellsprout
69%
Coastal131Heracross
69%
Central137Jumpluff
69%
Mountain043Liepard
69%
Coastal029Luvdisc
69%
Coastal140Mantine
69%
Coastal139Mantyke
69%
Coastal004Mienshao
69%
Coastal130Pinsir
69%
Mountain033Poliwag
69%
Mountain034Poliwhirl
69%
Mountain035Poliwrath
69%
Mountain042Purrloin
69%
Coastal043Sandile
69%
Central109Sentret
69%
Central124Smeargle
69%
Coastal020Swellow
69%
Central120Venipede
69%
Mountain027Weepinbell
69%
Central121Whirlipede
69%
Mountain082Beartic
68%
Central076Combee
68%
Central040Dunsparce
68%
Central110Furret
68%
Mountain075Garbodor
68%
Central135Hoppip
68%
Coastal062Kangaskhan
68%
Coastal044Krokorok
68%
Coastal045Krookodile
68%
Coastal127Mareep
68%
Mountain045Mightyena
68%
Mountain046Patrat
68%
Coastal018Pelipper
68%
Mountain036Politoed
68%
Mountain044Poochyena
68%
Mountain018Quagsire
68%
Central100Scraggy
68%
Mountain122Shuppet
68%
Mountain091Sneasel
68%
Coastal019Taillow
68%
Coastal125Tauros
68%
Mountain074Trubbish
68%
Central077Vespiquen
68%
Mountain047Watchog
68%
Mountain092Weavile
68%
Coastal017Wingull
68%
Mountain124Zorua
68%
Mountain101Aggron
67%
Mountain108Ariados
67%
Mountain099Aron
67%
Mountain123Banette
67%
Mountain058Buizel
67%
Mountain067Chandelure
67%
Mountain111Cryogonal
67%
Mountain081Cubchoo
67%
Mountain138Ditto
67%
Mountain016Drapion
67%
Central127Ducklett
67%
Coastal128Flaaffy
67%
Mountain059Floatzel
67%
Coastal122Gigalith
67%
Central098Gulpin
67%
Mountain052Honchkrow
67%
Mountain065Litwick
67%
Coastal012Lunatone
67%
Central144Medicham
67%
Central143Meditite
67%
Coastal126Miltank
67%
Mountain051Murkrow
67%
Coastal106Nidoqueen
67%
Coastal107Nidoran♂
67%
Coastal104Nidoran♀
67%
Coastal105Nidorina
67%
Coastal108Nidorino
67%
Coastal093Nosepass
67%
Coastal145Octillery
67%
Coastal132Pachirisu
67%
Coastal094Probopass
67%
Coastal144Remoraid
67%
Coastal120Roggenrola
67%
Mountain097Sandshrew
67%
Mountain098Sandslash
67%
Central101Scrafty
67%
Central136Skiploom
67%
Mountain015Skorupi
67%
Coastal013Solrock
67%
Mountain107Spinarak
67%
Central099Swalot
67%
Central128Swanna
67%
Coastal056Swoobat
67%
Coastal025Tentacool
67%
Coastal026Tentacruel
67%
Mountain017Wooper
67%
Mountain125Zoroark
67%
Coastal121Boldore
66%
Coastal112Chimecho
66%
Coastal111Chingling
66%
Coastal037Cloyster
66%
Central079Delcatty
66%
Coastal001Drifloon
66%
Coastal143Gorebyss
66%
Mountain126Gothita
66%
Mountain127Gothorita
66%
Mountain117Hoothoot
66%
Coastal142Huntail
66%
Mountain100Lairon
66%
Mountain066Lampent
66%
Coastal109Nidoking
66%
Mountain118Noctowl
66%
Central078Skitty
66%
Mountain086Vanillish
66%
Mountain085Vanillite
66%
Mountain087Vanilluxe
66%
Coastal055Woobat
66%
Coastal149Alomomola
65%
Mountain140Altaria
65%
Mountain049Bisharp
65%
Coastal141Clamperl
65%
Coastal060Cubone
65%
Coastal002Drifblim
65%
Mountain141Druddigon
65%
Mountain106Durant
65%
Central142Exploud
65%
Mountain128Gothitelle
65%
Coastal072Granbull
65%
Mountain105Heatmor
65%
Central141Loudred
65%
Coastal061Marowak
65%
Central111Nincada
65%
Central112Ninjask
65%
Mountain048Pawniard
65%
Coastal042Relicanth
65%
Coastal117Reuniclus
65%
Mountain068Rotom
65%
Coastal098Sawk
65%
Central113Shedinja
65%
Coastal036Shellder
65%
Mountain112Skarmory
65%
Coastal071Snubbull
65%
Coastal115Solosis
65%
Mountain139Swablu
65%
Mountain132Teddiursa
65%
Mountain133Ursaring
65%
Coastal027Wailmer
65%
Coastal028Wailord
65%
Central140Whismur
65%
Coastal119Wobbuffet
65%
Coastal118Wynaut
65%
Mountain060Basculin
64%
Coastal116Duosion
64%
Mountain115Gligar
64%
Mountain116Gliscor
64%
Coastal092Golurk
64%
Coastal048Hippopotas
64%
Coastal049Hippowdon
64%
Coastal148Lanturn
64%
Coastal090Sigilyph
64%
Coastal097Throh
64%
Mountain040Barboach
63%
Mountain129Bonsly
63%
Mountain029Carnivine
63%
Coastal147Chinchou
63%
Coastal136Exeggcute
63%
Coastal137Exeggutor
63%
Coastal091Golett
63%
Mountain094Gurdurr
63%
Coastal096Hariyama
63%
Central116Kecleon
63%
Mountain134Lickitung
63%
Mountain056Lombre
63%
Mountain055Lotad
63%
Mountain057Ludicolo
63%
Coastal095Makuhita
63%
Coastal103Skuntank
63%
Mountain012Slugma
63%
Coastal102Stunky
63%
Mountain130Sudowoodo
63%
Mountain093Timburr
63%
Mountain096Torkoal
63%
Mountain041Whiscash
63%
Mountain095Conkeldurr
62%
Mountain135Lickilicky
62%
Mountain013Magcargo
62%
Mountain025Accelgor
61%
Mountain054Amoonguss
61%
Coastal024Crustle
61%
Mountain090Delibird
61%
Coastal023Dwebble
61%
Mountain023Escavalier
61%
Coastal069Ferroseed
61%
Coastal070Ferrothorn
61%
Mountain053Foongus
61%
Mountain039Stunfisk
61%
Coastal146Corsola
60%
Coastal008Grumpig
60%
Central134Illumise
60%
Mountain022Karrablast
60%
Mountain024Shelmet
60%
Coastal007Spoink
60%
Central133Volbeat
60%
Coastal138Chatot
59%
Mountain014Shuckle
59%
Mountain131Spinda
58%
Coastal038Qwilfish
57%

Score Distribution

Percentile by Number Answered

Percent of People with Each Score

Your Score History

You have not taken this quiz